000 00525nam a2200193Ia 4500
005 20250923145037.0
008 008 250917s9999 xx 000 0 eng d
037 _aTextual
040 _aDSWL
_beng
_cDSWL
041 _aeng
_2eng
084 _qDSWL
245 0 _aLeave & Holidays benefits for industrial workers
_cby Emplyoer's Federation
260 _aBombay
_bEmplyoer's federation Build
_c1964
300 _aiv,50 p.
365 _aINR
_b2
925 _g2
942 _cTEXL
999 _c1446389
_d1446389